La segunda vida de Bree Tanner

Guardat en:
Dades bibliogràfiques
Autor principal: Meyer, Stephenie (autora)
Format: Llibre
Idioma:espanyol
Publicat: Santiago Aguilar Chilena 2010
Edició:1a. ed
Matèries:
Etiquetes: Afegir etiqueta
Sense etiquetes, Sigues el primer a etiquetar aquest registre!

MARC

LEADER 00000nam a2200000 a 4500
001 UCG3886
003 CL-VaPUC
008 100923e20100500CL |||||||||||||||||spa|d
020 |a 9789562397810 
082 0 4 |a 813  |b MEY  |2 21 
100 |a Meyer, Stephenie  |e autora  |9 553202 
245 1 3 |a La segunda vida de Bree Tanner 
250 |a 1a. ed 
300 |a 225 p 
942 |c BK 
945 |d 20100923 00:00:00  |a mfarfan 
260 |a Santiago  |b Aguilar Chilena  |c 2010 
500 |a Una novela de Eclipse, best-seller mundial de la Saga Crepúsculo 
650 0 |a Literatura estadounidense  |9 317168 
650 7 |a ESCRITORES ESTADOUNIDENSES  |2 CL-VaPUC  |9 449760 
650 0 |a Novelas estadounidenses  |9 265217 
583 |a last modification  |c 20100923 00:00:00  |k Rodrigo Vera 
999 |c 342841  |d 342839 
952 |0 0  |1 0  |4 0  |6 813_000000000000000_MEY_2010  |7 0  |8 C  |9 439439  |a BIBCUR  |b BIBCUR  |d 2019-11-22  |i 4721039  |o 813 MEY 2010  |p 4721039  |r 2025-04-22  |w 2019-11-22  |y BK  |k CAC